[Event "DOM-ch"]
[White "De Jesus Rosa, Michel"]
[Black "Jimenez, Maykol Gefri"]
[Site "Santo Domingo"]
[Round "5"]
[Result "0-1"]
[Date "2018.04.27"]
[WhiteElo "2139"]
[BlackElo "2066"]
[PlyCount "94"]
[EventDate "2018.04.20"]
[EventType "swiss"]
[EventRounds "11"]
[EventCountry "DOM"]
[SourceTitle "CBM 184 Extra"]
[Source "ChessBase"]
[SourceDate "2018.06.28"]
[SourceVersion "1"]
[SourceVersionDate "2018.06.28"]
[SourceQuality "1"]

1. c4 Nf6 2. g3 e6 3. Bg2 d5 4. Nf3 Be7 5. 0-0 0-0 6. b3 c6 7. Bb2 Nbd7 8. Nc3 Re8 9. Qc2 Bf8 10. d3 dxc4 11. dxc4 Qa5 12. Rad1 Qh5 13. Ne4 Nxe4 14. Qxe4 e5 15. Qh4 Qxh4 16. Nxh4 g6 17. Bh3 f5 18. e4 Nf6 19. exf5 g5 20. f4 Bc5+ 21. Kh1 gxh4 22. fxe5 Ne4 23. Kg2 hxg3 24. hxg3 Rf8 25. g4 Ng5 26. Kg3 Nxh3 27. Kxh3 h5 28. e6 Be7 29. Kg3 h4+ 30. Kh3 Rd8 31. f6 Rxd1 32. fxe7 Rd3+ 33. Kxh4 Bxe6 34. Ba3 Bf7 35. g5 Rd4+ 36. Kg3 Re8 37. Rf6 Rd1 38. Kg2 Kh7 39. Bb2 Kg8 40. g6 Rxe7 41. gxf7+ Rxf7 42. Rg6+ Kf8 43. Ba3+ Ke8 44. Re6+ Kd7 45. Re2 b6 46. Bb4 Rd4 47. Be1 Re7 0-1

[Event "DOM-ch"]
[White "Jimenez, Maykol Gefri"]
[Black "Infante Guerrero, Miguel Antonio"]
[Site "Santo Domingo"]
[Round "1"]
[Result "0-1"]
[Date "2010.04.09"]
[WhiteElo "2068"]
[BlackElo "2241"]
[PlyCount "116"]
[EventDate "2010.04.09"]
[EventType "swiss"]
[EventRounds "11"]
[EventCountry "DOM"]
[SourceTitle "EXT 2012"]
[Source "ChessBase"]
[SourceDate "2011.11.24"]
[SourceVersion "1"]
[SourceVersionDate "2011.11.24"]
[SourceQuality "1"]

1. e4 c5 2. Nf3 e6 3. d4 cxd4 4. Nxd4 a6 5. Nc3 Qc7 6. Be3 Bb4 7. Qd3 Nf6 8. a3 Bxc3+ 9. bxc3 Nxe4 10. Ne2 d5 11. f3 Nf6 12. Ng3 0-0 13. Be2 Nbd7 14. 0-0 b6 15. Rab1 a5 16. Qd4 Ba6 17. Bb5 Bxb5 18. Rxb5 Rac8 19. Ne2 Qd6 20. Qa4 e5 21. Qb3 Rc6 22. Rb1 Re8 23. a4 h5 24. Bxb6 Nxb6 25. Rxb6 e4 26. Nd4 Rxb6 27. Qxb6 Qf4 28. Qxa5 exf3 29. Nxf3 Re2 30. Qb6 Qxa4 31. Nd4 Re8 32. Qb5 Qa7 33. Qb6 Qe7 34. Nf5 Qe5 35. Rf1 Ng4 36. Qd6 Qxd6 37. Nxd6 Re2 38. Nf5 g6 39. h3 gxf5 40. hxg4 fxg4 41. Rf5 Rxc2 42. Rxh5 Rxc3 43. Rxd5 g3 44. Rf5 Kg7 45. Rf3 Rc1+ 46. Rf1 Rc4 47. Rf5 Kg6 48. Rf1 f5 49. Rb1 Kg5 50. Rf1 Rc2 51. Ra1 Rb2 52. Rc1 Rd2 53. Rf1 Kg4 54. Ra1 Kf4 55. Rf1+ Ke4 56. Re1+ Kd3 57. Rf1 Ke2 58. Kh1 Rd1 0-1